000 00577nam a22002297a 4500
003 UA-OsUOA
001 49403
007 ta
008 20071004b un ||||| |||| 00| 0 ukr d
100 _aУтехин Н. П.
090 _a82
_bУ84
942 _cBK
040 _aUA-OsUOA
_brus
_cUA-OsUOA
_dUA-OsUOA
245 _aЖанры эпической прозы
300 _a183 с.
955 _a2
041 _arus
080 _a82
260 _aМ.
_bНаука
_c1982
650 7 _a82 Література. Літературознавство
_2UDC
999 _c335491
_d335491